Curso de derecho internacional privado : derecho de las relaciones privadas internacionales (Record no. 10561)
[ view plain ]
| 000 -CABECERA | |
|---|---|
| campo de control de longitud fija | 00594cam a22002052a 4500 |
| 001 - NÚMERO DE CONTROL | |
| campo de control | 004739 |
| 003 - IDENTIFICADOR DEL NÚMERO DE CONTROL | |
| campo de control | AR-FADEU |
| 008 - DATOS DE LONGITUD FIJA--INFORMACIÓN GENERAL | |
| campo de control de longitud fija | 311216n1993####xxu####################dd |
| 020 ## - NÚMERO INTERNACIONAL ESTÁNDAR DEL LIBRO | |
| Número Internacional Estándar del Libro | 950-20-0757-9 |
| 092 ## - ASIGNACIÓN LOCAL DE SIGNATURA TOPOGRÁFICA DEWEY (OCLC) | |
| Número de clasificación | D341.57 |
| Número de documento/Ítem | B674c |
| 100 ## - ENTRADA PRINCIPAL--NOMBRE DE PERSONA | |
| Nombre de persona | Boggiano, Antonio |
| 245 ## - MENCIÓN DE TÍTULO | |
| Título | Curso de derecho internacional privado : derecho de las relaciones privadas internacionales |
| 260 ## - PUBLICACIÓN, DISTRIBUCIÓN, ETC. (PIE DE IMPRENTA) | |
| Lugar de publicación, distribución, etc. | Buenos Aires |
| 260 ## - PUBLICACIÓN, DISTRIBUCIÓN, ETC. (PIE DE IMPRENTA) | |
| Nombre del editor, distribuidor, etc. | Abeledo-Perrot |
| 260 ## - PUBLICACIÓN, DISTRIBUCIÓN, ETC. (PIE DE IMPRENTA) | |
| Fecha de publicación, distribución, etc. | 1993 |
| 300 ## - DESCRIPCIÓN FÍSICA | |
| Extensión | 879 p |
| 500 ## - NOTA GENERAL | |
| Nota general | App: p. 805-879 |
| 650 ## - PUNTO DE ACCESO ADICIONAL DE MATERIA--TÉRMINO DE MATERIA | |
| Término de materia o nombre geográfico como elemento inicial | DERECHO COMERCIAL INTERNACIONAL; CONTRATO; DERECHO INTERNACIONAL |
| 942 ## - ELEMENTOS DE PUNTO DE ACCESO ADICIONAL (KOHA) | |
| Tipo de ítem Koha | BDGR |
| Estado de retiro | Estado de pérdida | Estado dañado | No para préstamo | Localización permanente | Ubicación/localización actual | Fecha de adquisición | Número de inventario | Total de préstamos | Signatura topográfica completa | Código de barras | Fecha visto por última vez | Precio válido a partir de | Tipo de ítem Koha |
|---|---|---|---|---|---|---|---|---|---|---|---|---|---|
| Biblioteca Ernesto Sabato - FADECS - UNCOMA | Biblioteca Ernesto Sabato - FADECS - UNCOMA | 21/02/2017 | 12545 | D341.57 B674c | 12545 | 21/02/2017 | 21/02/2017 | BDGR | |||||
| Biblioteca Ernesto Sabato - FADECS - UNCOMA | Biblioteca Ernesto Sabato - FADECS - UNCOMA | 21/02/2017 | 12546 | D341.57 B674c | 12546 | 21/02/2017 | 21/02/2017 | BDGR | |||||
| Biblioteca Ernesto Sabato - FADECS - UNCOMA | Biblioteca Ernesto Sabato - FADECS - UNCOMA | 21/02/2017 | 13492 | D341.57 B674c | 13492 | 21/02/2017 | 21/02/2017 | BDGR | |||||
| Biblioteca Ernesto Sabato - FADECS - UNCOMA | Biblioteca Ernesto Sabato - FADECS - UNCOMA | 21/02/2017 | 13493 | D341.57 B674c | 13493 | 21/02/2017 | 21/02/2017 | BDGR | |||||
| Biblioteca Ernesto Sabato - FADECS - UNCOMA | Biblioteca Ernesto Sabato - FADECS - UNCOMA | 21/02/2017 | 13494 | D341.57 B674c | 13494 | 21/02/2017 | 21/02/2017 | BDGR |